00493cam a2200157 a 4500020004000000040000800040082002600048100001900074245005700093250001200150260004200162300006500204500003400269650001600303700001600319 a0534228968 (hc : acidâ‚‹free paper) cDLC00a519 DUX 1997 A031 Or.1 aDevore, Jay L.10aStatistics :bthe exploration and analysis of data / a3rd ed. aBelmont, CA :bDuxbury Press,cc1997. axii, 641 p. :bill. ;c25 cm. +e1 computer disk (3 1/2 in.) a"An Alexander Kuguslev book." 0aStatistics.1 aPeck, Roxy.